| 000 | 00376nam a2200145Ia 4500 | ||
|---|---|---|---|
| 008 | 211109s9999||||xx |||||||||||||| ||und|| | ||
| 082 |
_a332.82 _bKEY-G |
||
| 100 | _aKeynes, John Maynard | ||
| 245 | 0 | _aGeneral Theory of Employment Interest and Money | |
| 260 |
_bMacmillan _aLondon _c1936 |
||
| 300 | _a403p | ||
| 630 | _xGeneral Stack | ||
| 650 | _vCommerce | ||
| 942 | _cBOOK | ||
| 999 |
_c75101 _d75101 |
||